LEADER 01154nam0 2200361 45 001 990000795490203316 010 $a88-14-00428-5 035 $a0079549 035 $aUSA010079549 035 $a(ALEPH)000079549USA01 035 $a0079549 100 $a19900605f19841989|||y0itay0103 b 101 $aita 102 $aIT 105 $a00||| 200 1 $a<> gruppo$euna prospettiva dinamica e clinica$fGirolamo Lo Verso$gprefazione di Diego Napolitani$gpostfazioni di Leonardo Ancona, Enzo Spaltro 210 $aMilano$cA. Giuffrè$d[1984] 215 $aXVI, 277 p.$d24 cm. 225 2 $aPsicologia sociale e clinica della devianza$v11 410 0$12001$aPsicologia sociale e clinica della devianza$v11 606 $aPsicoterapia di gruppo 676 $a616.89 700 1$aLO VERSO,$bGirolamo$0526545 801 0$aIT$bBNI$c19900605 912 $a990000795490203316 951 $aVI ps B COLL. 77/11$b145217 LM$cVI ps B COLL. 959 $aBK 969 $aUMA 979 $aPATTY$b90$c20011210$lUSA01$h0959 979 $c20020403$lUSA01$h1726 979 $aPATRY$b90$c20040406$lUSA01$h1655 996 $aGruppo$9966171 997 $aUNISA LEADER 01289cam1-2200373---450 001 990000534020203316 005 20170313162550.0 035 $a0053402 035 $aUSA010053402 035 $a(ALEPH)000053402USA01 035 $a0053402 100 $a20010702f ----km-y0itay5003----ba 101 0 $aita 102 $aIT 105 $ay|||||||001yy 200 1 $a<> leggi eversive del secolo XIX e le vicende degli ordini religiosi della provincia di Principato Citeriore$ericerche storiche$fp. Gabriele Cuomo o.f.m. 205 $aRistampa 210 $aMercato S. Severino$cGrafiche Moriniello 215 $avolumi$d24 cm 606 0 $aOrdini religiosi$xNapoli $zSec. 19.$2BNCF 676 $a271.009457 700 1$aCUOMO,$bCandido$0183358 801 0$aIT$bsalbc$gISBD 912 $a990000534020203316 951 $aX.2.A. 468/(ISE II 229/)$bE.C.$cX.2. 959 $aBK 969 $aUMA 979 $aPATTY$b90$c20010702$lUSA01$h0957 979 $c20020403$lUSA01$h1702 979 $aPATRY$b90$c20040406$lUSA01$h1637 979 $aRSIAV1$b90$c20090414$lUSA01$h1420 979 $aRSIAV1$b90$c20090414$lUSA01$h1428 996 $aLeggi eversive del secolo XIX e le vicende degli ordini religiosi della provincia di Principato Citeriore$91477952 997 $aUNISA LEADER 02269nam 2200589 450 001 9910679232303321 005 20230721032025.0 010 $a1-280-85135-X 010 $a9786610851355 010 $a1-4081-0254-4 035 $a(CKB)1000000000482990 035 $a(EBL)320267 035 $a(OCoLC)232575281 035 $a(SSID)ssj0000106624 035 $a(PQKBManifestationID)11999078 035 $a(PQKBTitleCode)TC0000106624 035 $a(PQKBWorkID)10110384 035 $a(PQKB)10529490 035 $a(MiAaPQ)EBC320267 035 $a(Au-PeEL)EBL320267 035 $a(CaPaEBR)ebr11089454 035 $a(CaONFJC)MIL85135 035 $a(OCoLC)935265042 035 $a(EXLCZ)991000000000482990 100 $a20150814d2009 uy| 0 101 0 $aeng 135 $aur|n|---||||| 181 $ctxt 182 $cc 183 $acr 200 00$aAssert yourself $ehow to find your voice and make your mark 205 $aRevised edition. 210 1$aLondon :$cA&C Black,$d2009. 215 $a1 online resource (97 p.) 225 1 $aSteps to success 300 $aIncludes index. 311 $a0-7136-8404-6 327 $aCover; Titlepage; Copyright; Contents; How assertive are you?; 1 Communicating assertively at work; 2 Developing presence; 3 Building confidence at work; 4 Managing others' perceptions; 5 Using non-verbal communication; 6 Dealing with stressful relationships and bullying; 7 Improving leadership skills; 8 Negotiating the pay rise you deserve; Where to find more help; Index 330 $aFull of practical, step-by-step advice on how to boost your self confidence and deal with others assertively without appearing aggressive, Assert yourself contains a self-assessment quiz, top tips, common mistakes and advice on how to avoid them, summaries of key points, plus lists of handy books and weblinks. 410 0$aSteps to success. 606 $aAssertiveness (Psychology) 606 $aInterpersonal communication 615 0$aAssertiveness (Psychology) 615 0$aInterpersonal communication. 676 $a650.13 801 0$bMiAaPQ 801 1$bMiAaPQ 801 2$bMiAaPQ 906 $aBOOK 912 $a9910679232303321 996 $aAssert yourself$92130833 997 $aUNINA